000
00320nam a2200133Ia 4500
008
100328s9999 xx 000 0 und d
082
_b
44855
100
_a
शेटे शिवाजी
245
_a
सावज
260
_b
शांती
630
_a
सावज
730
_a
सावज
942
_c
BOOK
999
_c
533077
_d
533074